Statistics for Berömda svenskar - Bildquiz

Click here to take the quiz!

General Stats

  • This quiz has been taken 1 093 times
  • The average score is 11 of 18

Answer Stats

Answer% Correct
Zlatan Ibrahimovic
94%
Astrid Lindgren
92%
Olof Palme
91%
Kronprinsessa Victoria
83%
Alfred Nobel
82%
Selma Lagerlöf
81%
Avicii
77%
Stellan Skarsgård
65%
Dolph Lundgren
57%
Alicia Vikander
56%
August Strindberg
55%
Greta Garbo
54%
Ingrid Bergman
53%
Peter Stormare
53%
Björn Borg
46%
Max von Sydow
35%
Britt Ekland
19%
Anita Ekberg
12%

Score Distribution

Percentile by Number Answered

Percent of People with Each Score

Your Score History

You have not taken this quiz